[Event "18th Prague Open-A 2019"]
[Site "Prague"]
[Date "2019.01.12"]
[Round "2"]
[White "Burnett, Andrew"]
[Black "Gschnitzer, Oswald"]
[Result "1/2-1/2"]
[WhiteElo "2140"]
[BlackElo "2370"]
[Annotator "TA"]
[PlyCount "113"]
[EventDate "2019.01.11"]
[EventType "swiss"]
[EventCountry "CZE"]
[SourceTitle "playchess.com"]
[Source "ChessBase"]
[SourceQuality "1"]

{[%evp 23,113,23,18,13,24,17,20,16,20,0,0,0,12,15,7,-7,-7,-7,-7,-14,0,-2,0,0,0,0,12,0,0,0,0,0,0,0,0,-251,-254,-430,-413,-318,-110,-104,-102,-100,-92,-114,-105,-121,-101,-106,-104,-100,-100,-97,-95,-95,-95,-95,-58,-58,-58,-58,-58,-58,-58,-58,-58,-58,-20,-27,-24,-25,-29,-29,-29,-53,0,-8,-8,-8,-8,-32,0,0,0,0,0,-8,-8,-8,-8,-8]} 1. d4 Nf6 2. Nf3 c5 3. d5 g6 4. Nc3 d6 5. e4 Bg7 6. Bb5+ Nfd7 7. a4 Na6 8. O-O {A43: Schmid Benoni} Nc7 (8... O-O 9. Re1 Nc7 10. Bf1 b6 11. Bf4 Bb7 12. Qd2 Ne5 13. Nxe5 dxe5 14. Be3 Qd6 15. a5 f5 16. f3 Kh8 17. Red1 Bf6 18. Ra3 Rfd8 {½-½ (72) Sjugirov,S (2665)-Novikov,M (2513) Kolomna 2016}) 9. Be2 O-O 10. Re1 a6 11. Bf4 Rb8 12. Qd2 b5 {LiveBook: 7 Games} 13. axb5 axb5 14. Bh6 b4 15. Bxg7 Kxg7 16. Nd1 Nf6 17. Bc4 {[#]} e5 $146 (17... Bg4 {looks sharper.} 18. Qf4 Bxf3 19. Qxf3 e6 20. Ne3 exd5 21. exd5 Re8) ({Predecessor:} 17... Bg4 18. Qe2 {0-1 (36) Sherbakov,V (2385)-Kuzmin,G (2545) St Petersburg 1995}) 18. dxe6 Bxe6 19. Bxe6 Nxe6 20. e5 dxe5 {next ...e4 is good for Black.} 21. Qxd8 Rfxd8 22. Nxe5 Ra8 23. Ne3 Nd4 24. Kf1 Ne4 25. f3 Nd6 26. Nd3 Rxa1 27. Rxa1 N6f5 28. Nxf5+ Nxf5 $11 {[%mdl 4096] Endgame KRN-KRN} 29. Re1 $2 {[%mdl 8192] [#]} (29. Ra5 $11 {and White has nothing to worry.}) 29... b3 $1 $19 {[%mdl 512]} 30. Nxc5 $2 (30. g4 {keeps fighting.} Nd4 31. Nxc5 bxc2 32. Kf2) (30. cxb3 Rxd3) 30... bxc2 31. Nb3 Rb8 $2 (31... Rd1 $19 {has better winning chances.} 32. Nc1 Kf6) 32. Nc1 $17 Rxb2 {Hoping for ...Nd4.} 33. Ke2 Rb7 34. Kd3 Rc7 35. Re2 Kf6 36. f4 Rd7+ 37. Kc3 Rd1 38. Kxc2 Rh1 39. Kd2 Rxh2 {White must now prevent ...Ng3.} 40. g4 Nd4 41. Rxh2 Nf3+ {[%mdl 64] Double Attack} 42. Ke3 Nxh2 $15 {KN-KN} 43. g5+ Kf5 44. Ne2 Kg4 45. Ke4 Nf3 46. Nc3 Nd2+ 47. Ke5 Nc4+ 48. Ke4 Nb6 49. Nd1 Nc4 50. Nc3 Nd6+ 51. Ke5 Nf5 52. Nd5 h5 {aiming for ...h4.} (52... Kf3 $5 {[%cal Rf5e3]}) 53. gxh6 $1 {The position is equal.} Nxh6 54. Kf6 Kf3 55. Ne7 Kxf4 {[#]} 56. Nxg6+ $1 {[%mdl 512]} fxg6 57. Kxg6 {Accuracy: White = 69%, Black = 64%.} 1/2-1/2

[Event "18th Prague Open-A 2019"]
[Site "Prague"]
[Date "2019.01.12"]
[Round "2"]
[White "Michalczak, Thomas"]
[Black "Lin, Yi"]
[Result "0-1"]
[WhiteElo "2139"]
[BlackElo "2359"]
[Annotator "TA"]
[PlyCount "50"]
[EventDate "2019.01.11"]
[EventType "swiss"]
[EventCountry "CZE"]
[SourceTitle "playchess.com"]
[Source "ChessBase"]
[SourceQuality "1"]

{[%evp 19,50,33,53,-32,-32,-47,-43,-38,-38,-43,-45,-51,-44,-56,-42,-89,-104,-87,-63,-56,-32,-98,-101,-122,-108,-126,-106,-470,-467,-454,-450,-466,-456]} 1. d4 Nf6 2. c4 g6 3. Nc3 d5 4. cxd5 Nxd5 5. e4 Nxc3 6. bxc3 Bg7 7. Bc4 c5 8. Ne2 O-O 9. O-O Qa5 10. Be3 Nd7 {LiveBook: 7 Games. D87: Exchange Grünfeld: Classical Line: Variations without ...cxd4} 11. dxc5 $146 (11. a4 $14) ({Predecessor:} 11. Qc1 cxd4 12. cxd4 Nb6 13. Bb3 Bg4 14. f3 Bd7 15. Bh6 Rac8 16. Qf4 Bxh6 17. Qxh6 Nc4 18. Nf4 {1-0 (35) Wagner,D (2424)-Dvirnyy,D (2515) Sibenik 2012}) 11... Nxc5 $15 12. f3 Rd8 {Black is slightly better.} 13. Qc2 Be6 14. Bxe6 Nxe6 15. Rab1 b6 16. Rfd1 Rac8 17. c4 Qa6 18. Rxd8+ Rxd8 19. Rb5 Rc8 20. a4 ({White should try} 20. Qb3 $15) 20... Nc7 $17 {[%cal Be6c7,Bc7e8,Be8d6,Bd6b7][%mdl 32]} 21. Rb1 {[#]} Ne8 $1 22. c5 bxc5 23. Bxc5 $2 {[%mdl 8192]} (23. Rc1 $17 {is a better chance.}) 23... Nd6 $19 {Black is clearly winning.} 24. Kf1 Qc6 25. Rc1 Nb7 {Precision: White = 27%, Black = 71%.} 0-1

[Event "18th Prague Open-A 2019"]
[Site "Prague"]
[Date "2019.01.12"]
[Round "2"]
[White "Shyam Prasad Reddy K"]
[Black "Schmidt-Schaeffer, Sebastian"]
[Result "1/2-1/2"]
[WhiteElo "2137"]
[BlackElo "2350"]
[Annotator "TA"]
[PlyCount "68"]
[EventDate "2019.01.11"]
[EventType "swiss"]
[EventCountry "CZE"]
[SourceTitle "playchess.com"]
[Source "ChessBase"]
[SourceQuality "1"]

{[%evp 17,68,20,56,16,16,-8,16,0,10,0,2,5,0,10,14,0,22,0,15,14,24,12,12,10,30,34,28,35,40,37,33,7,58,7,30,40,33,31,27,23,50,33,29,0,0,0,0,0,0,0,0,0,17]} 1. e4 d6 2. d4 Nf6 3. Nc3 e5 4. Nf3 Nbd7 5. Bc4 Be7 6. a4 O-O 7. O-O a5 8. h3 c6 9. Re1 Qc7 {LiveBook: 107 Games} 10. d5 {C41: Philidor Defence} (10. Be3 Nb6 11. Ba2 Nfd7 12. Qe2 Bf6 13. d5 Be7 14. Rad1 Nf6 15. Nd2 Bd7 16. Nc4 Nxc4 17. Qxc4 Rac8 18. Qb3 cxd5 {1-0 (80) Howell,D (2644)-Maghsoodloo,P (2584) Doha 2016}) 10... Nb6 11. Ba2 $146 ({Predecessor:} 11. Bf1 cxd5 12. exd5 Bd7 13. Be3 Nc4 14. Bxc4 Qxc4 15. Qe2 Rfc8 16. Qxc4 Rxc4 {1-0 (53) Cemborain Oricain,A (1987)-Suuronen,P (1916) Calvia 2010}) 11... Bd7 12. Be3 cxd5 {...d4 is the strong threat.} 13. Bxb6 $1 Qxb6 14. Nxd5 Nxd5 15. Bxd5 Rac8 16. b3 Be6 17. Re2 {[%cal Be1e2,Be2d2,Bd2d3][%mdl 32]} Rc5 18. Rd2 Qb4 19. Bxe6 fxe6 20. c4 Rc6 21. Rd3 Qc5 22. Qe2 Bd8 23. Ra2 {[%cal Ba1a2,Ba2d2,Bd2d1][%mdl 32]} h6 24. Rad2 Kh7 (24... Bb6 $11) 25. Nh2 (25. h4 $14) 25... Bg5 26. Rd1 Rc7 27. Nf3 ({Wrong is} 27. Rxd6 $2 {[#]} Rxf2 $1 {[%mdl 512]} 28. Qxf2 Be3 $19) 27... Be7 28. g3 Rcc8 {[%cal Bc7c8,Bc8f8,Bf8f7][%mdl 32]} 29. Kg2 Rf7 30. Nh2 Rcf8 {The position is equal.} 31. Rf3 Bd8 32. Rdd3 Bb6 33. Rxf7 Rxf7 34. Rf3 Qc7 {Accuracy: White = 52%, Black = 41%.} 1/2-1/2

[Event "18th Prague Open-A 2019"]
[Site "Prague"]
[Date "2019.01.12"]
[Round "2"]
[White "Kaderabek, Jiri"]
[Black "Cerveny, Petr"]
[Result "0-1"]
[WhiteElo "2130"]
[BlackElo "2318"]
[Annotator "TA"]
[PlyCount "50"]
[EventDate "2019.01.11"]
[EventType "swiss"]
[EventCountry "CZE"]
[SourceTitle "playchess.com"]
[Source "ChessBase"]
[SourceQuality "1"]

{[%evp 19,50,24,47,24,24,0,0,-10,0,-20,-16,-37,-25,-52,-10,-8,5,-92,-87,-112,-106,-222,-232,-367,-370,-369,-371,-372,-258,-527,-507,-928,-884]} 1. e4 c5 2. Nf3 d6 3. d4 cxd4 4. Nxd4 Nf6 5. Nc3 a6 6. Be2 e5 7. Nb3 Be7 8. Bg5 Nbd7 9. O-O O-O 10. a4 b6 {LiveBook: 30 Games} 11. Nd5 {B92: Sicilian Najdorf: 6 Be2} (11. Nd2 Bb7 12. Bc4 h6 13. Bh4 Qc7 14. Qe2 Rfc8 15. Rfd1 Nf8 16. Bxf6 Bxf6 17. Nd5 Qd8 18. Nf1 Ng6 {1-0 (50) Yu,Y (2750)-Atabayev,S (2437) Ashkhabad 2017}) 11... Bb7 {Threatens to win with ...Nxd5.} 12. Bxf6 Nxf6 13. Nxf6+ {The position is equal.} Bxf6 14. Qd3 $146 ({Predecessor:} 14. Bf3 Rc8 15. Qd3 Qc7 16. c3 Be7 17. Rfd1 Rcd8 18. c4 Bc6 {½-½ (57) Mihopoulos,K (1968)-Stathopoulos,I (2122) Nikea 2011}) 14... d5 15. a5 dxe4 16. Qe3 b5 {Black wants to play ...Bg5.} 17. Nc5 Qc7 18. Nxe4 {[#]} (18. c4 $11 {remains equal.}) 18... Be7 $1 $17 {[%cal Bf6e7,Be7d6,Bd6c5][%mdl 32]} ({And not} 18... Qxc2 19. Bd3 $14) 19. Bf3 f5 $36 {[%mdl 2048] White is under strong pressure.} ({Don't do} 19... Qxc2 {[#]} 20. Nf6+ $1 {[%mdl 512]} Bxf6 21. Bxb7 $11) 20. Nd2 (20. Ng5 $17 Bxg5 21. Qxg5) 20... e4 $19 21. Qb3+ (21. Be2 $142) 21... Kh8 22. Be2 Bd6 23. h3 Rae8 24. c4 $2 {[#]} (24. Kh1 {only move.}) 24... e3 $1 {[%mdl 512]} 25. fxe3 (25. Bf3 $142 exd2 26. Bxb7 Qxb7 27. cxb5) 25... Bc5 {Precision: White = 20%, Black = 76%.} 0-1

[Event "18th Prague Open-A 2019"]
[Site "Prague"]
[Date "2019.01.12"]
[Round "3"]
[White "Xiang, Zeyu"]
[Black "Oboladze, Luka"]
[Result "1/2-1/2"]
[WhiteElo "2440"]
[BlackElo "2295"]
[Annotator "TA"]
[PlyCount "61"]
[EventDate "2019.01.11"]
[EventType "swiss"]
[EventCountry "CZE"]
[SourceTitle "playchess.com"]
[Source "ChessBase"]
[SourceQuality "1"]

{[%evp 19,61,27,44,44,52,24,22,13,88,79,87,22,22,32,31,23,35,13,11,7,6,6,6,12,12,8,9,13,8,0,6,0,0,0,0,0,0,0,0,0,0,0,0,0]} 1. d4 Nf6 2. c4 e6 3. Nf3 d5 4. g3 Bb4+ 5. Bd2 Bd6 (5... Be7 6. Bg2 O-O 7. O-O Nbd7 8. Nc3 c6 9. Bf4 dxc4 10. e4 Re8 11. a4 b6 12. d5 exd5 13. exd5 Bb7 14. a5 bxa5 15. d6 Bf8 16. Nd2 Nd5 17. Nxd5 cxd5 18. Nxc4 dxc4 19. Bxb7 {½-½ (42) Nakamura,H (2777)-Karjakin,S (2773) Saint Louis 2018}) 6. Bg2 {E01: Catalan: Early deviations} O-O 7. O-O Nbd7 8. Qc2 c6 9. Bg5 h6 10. Bxf6 Qxf6 {LiveBook: 7 Games} 11. Nbd2 c5 12. dxc5 $146 (12. cxd5 {keeps more tension.} exd5 13. e4 cxd4 14. exd5 Nc5 15. Qc4) ({Predecessor:} 12. cxd5 exd5 {1-0 (28) Munoz Galvez,J (2257)-Tovio,I (2285) Mosquera 2014}) 12... Nxc5 13. b4 Ne4 (13... Nd7 $11) 14. Nxe4 $16 dxe4 {[#]} 15. Qxe4 (15. Nd2 $1 $16) 15... Bxb4 $11 16. Rab1 Bd6 17. Rfd1 Qe7 18. Ne5 Qc7 {The position is equal.} 19. Nd3 Rb8 20. c5 Bxc5 21. Rdc1 b6 22. Nxc5 bxc5 23. Rxb8 Qxb8 24. Rxc5 Ba6 25. Qc2 Rc8 {[#] Threatens to win with ...Rxc5.} 26. Rxc8+ Qxc8 27. Qxc8+ Bxc8 28. f4 f6 29. Kf2 Kf7 30. Ke3 Ke7 31. Kd4 {Accuracy: White = 69%, Black = 72%.} 1/2-1/2

[Event "18th Prague Open-A 2019"]
[Site "Prague"]
[Date "2019.01.12"]
[Round "3"]
[White "Neuman, Petr"]
[Black "Hesse, Henrik"]
[Result "1-0"]
[WhiteElo "2428"]
[BlackElo "2166"]
[Annotator "TA"]
[PlyCount "47"]
[EventDate "2019.01.11"]
[EventType "swiss"]
[EventCountry "CZE"]
[SourceTitle "playchess.com"]
[Source "ChessBase"]
[SourceQuality "1"]

{[%evp 9,47,-18,22,18,15,0,134,137,131,129,152,134,124,86,97,99,92,89,141,131,150,128,178,145,176,164,195,178,181,189,305,280,276,295,381,357,766,753,2429,2247]} 1. e4 e5 2. Nf3 Nf6 3. d3 Nc6 4. c3 d5 5. Nbd2 dxe4 (5... Bc5 6. Be2 O-O 7. O-O Re8 8. b4 Bb6 9. a4 a5 10. b5 Nb8 11. h3 dxe4 12. dxe4 Nbd7 13. Qc2 Bc5 14. Nc4 Qe7 15. Bg5 {0-1 (35) Caruana,F (2822)-Aronian,L (2767) chess.com INT 2018}) 6. dxe4 {C44: Ponziani Opening and Scotch Gambit} Bc5 7. b4 Bxf2+ (7... Bd6 $11) 8. Kxf2 $16 {And now Qc2 would win.White is clearly better.} Nxe4+ 9. Kg1 Nxc3 10. Qb3 Nd5 11. Bb2 $146 {[%cal Bc1b2,Bb2e5,Be5g3][%mdl 32] Black must now prevent b5.} ({Predecessor:} 11. b5 Nce7 12. Bc4 Be6 13. Ba3 Nf4 14. Bxe6 Nxe6 {1-0 (57) Budnikov,O (2408)-Shton,R (2079) Mukachevo 2017}) 11... O-O 12. b5 Na5 13. Qa4 $36 {[%mdl 2048] White has strong initiative.} c6 (13... b6 $142) 14. Bxe5 Bd7 15. Qd4 {Strongly threatening bxc6.} f6 16. Bg3 Be6 17. h3 Qd7 18. Nb3 Nxb3 19. axb3 b6 (19... cxb5 {might work better.} 20. Rxa7 Rxa7 21. Qxa7 Nc3) 20. bxc6 $18 Qxc6 21. Kh2 Rad8 22. Rxa7 Qc2 $2 (22... Rd7) 23. Bd3 Qxb3 {[#]} 24. Bxh7+ $1 {[%mdl 512] Accuracy: White = 87%, Black = 25%.} 1-0

[Event "18th Prague Open-A 2019"]
[Site "Prague"]
[Date "2019.01.12"]
[Round "3"]
[White "Liu, Guanchu"]
[Black "Chkhaidze, Nikoloz"]
[Result "1/2-1/2"]
[WhiteElo "2425"]
[BlackElo "2290"]
[Annotator "TA"]
[PlyCount "81"]
[EventDate "2019.01.11"]
[EventType "swiss"]
[EventCountry "CZE"]
[SourceTitle "playchess.com"]
[Source "ChessBase"]
[SourceQuality "1"]

{[%evp 16,81,-11,-23,-13,-23,0,-24,-12,-12,-14,-18,-10,-26,0,0,0,0,14,0,0,0,0,0,0,0,0,-17,-16,-22,-13,-12,-7,-8,-18,-84,-35,-31,-30,-71,0,0,0,0,0,0,0,0,0,0,0,0,0,0,0,0,0,0,0,0,0,0,0,0,0,0,0,0]} 1. e4 e5 2. Nf3 Nc6 3. Nc3 Nf6 4. Bb5 Nd4 5. Ba4 Bc5 6. d3 O-O 7. O-O d6 8. Nxd4 Bxd4 9. Be3 {LiveBook: 5 Games. C48: Four Knights: 4 Bb5, replies other than 4...Bb4} Bxe3 10. fxe3 Bd7 $146 ({Predecessor:} 10... Be6 11. Bb3 c6 12. Qd2 b5 13. Rf3 a5 14. Bxe6 fxe6 15. Raf1 d5 16. exd5 exd5 {0-1 (36) Lein,A (2398)-Onischuk,A (2655) Chicago 2002}) 11. Bb3 Be6 12. Bxe6 fxe6 13. Qe2 Qe7 14. d4 Nd7 15. Qb5 exd4 16. exd4 Nb6 17. Ne2 Rxf1+ 18. Rxf1 Rf8 19. Rxf8+ Kxf8 20. c3 e5 21. Qd3 Nd7 22. Ng3 g6 23. Qe3 a5 24. d5 Nf6 25. b4 (25. Nh1 $11) 25... axb4 26. cxb4 Qd7 27. Qf2 Kg7 ({Black should play} 27... Ke7 $17 28. Qc2 c6 29. dxc6 bxc6) 28. Qc2 $1 $11 {The position is equal.} h5 29. h3 h4 30. Nf1 c6 31. dxc6 bxc6 32. a4 Qb7 33. Qc4 Qa7+ 34. Kh2 Qf2 35. a5 Qf4+ 36. Kg1 Nxe4 {[#] Hoping for ...Qf2+.} 37. Qxc6 Qf2+ 38. Kh2 {Strongly threatening Qb7+.} Qf4+ 39. Kg1 Qf2+ 40. Kh2 {[#] Black must now prevent Qb7+.} Qf4+ 41. Kg1 {Accuracy: White = 61%, Black = 50%.} 1/2-1/2

[Event "18th Prague Open-A 2019"]
[Site "Prague"]
[Date "2019.01.12"]
[Round "3"]
[White "Naumkin, Igor"]
[Black "Visser, Henk-Jan"]
[Result "1-0"]
[WhiteElo "2418"]
[BlackElo "2271"]
[Annotator "TA"]
[PlyCount "95"]
[EventDate "2019.01.11"]
[EventType "swiss"]
[EventCountry "CZE"]
[SourceTitle "playchess.com"]
[Source "ChessBase"]
[SourceQuality "1"]

{[%evp 19,95,9,16,0,12,-6,18,12,60,58,75,56,151,131,186,194,197,211,249,239,260,238,271,257,272,254,292,282,447,303,302,300,292,273,382,224,256,222,215,204,284,89,297,259,256,143,184,165,180,148,174,182,221,226,353,190,697,695,632,552,29968,29967,29964,29961,6494,6136,5106,1286,29972,29967,29967,29968,29962,6107,29981,29982,29975,29970]} 1. d4 Nf6 2. c4 e6 3. Nf3 Bb4+ 4. Bd2 c5 5. Bxb4 cxb4 6. e3 O-O 7. Nbd2 b6 8. Bd3 Bb7 9. O-O d6 10. Qc2 {E11: Bogo-Indian} Qe7 {LiveBook: 3 Games} 11. Ng5 {[%cal Rg5h7]} g6 12. f4 $146 {The position is equal.} ({Predecessor:} 12. Nge4 Nfd7 13. f4 Nc6 14. Rae1 Rae8 15. Nf3 f5 16. Neg5 e5 17. c5 bxc5 18. dxe5 {0-1 (37) Berczes,D (2544)-Romanov,E (2625) Cappelle-la-Grande 2012}) 12... Nc6 13. Rae1 Ne8 14. Ndf3 Ng7 15. d5 exd5 (15... Na5 $14) 16. cxd5 $16 b3 (16... Na5 $16) 17. Qxb3 $18 Na5 18. Qd1 {Threatens to win with b4.} Rac8 19. e4 Nh5 20. Nh3 Rc7 21. b3 {[%cal Bb2b3,Bb3b4][%mdl 32]} Bc8 22. f5 Nf6 23. Qd2 Kh8 (23... Nb7 $142 24. b4 a5) 24. Qb2 Kg8 25. Nf2 Nb7 26. b4 Nd7 27. Ba6 (27. Nd4 $142) 27... Ne5 28. Nxe5 dxe5 29. Bxb7 Bxb7 30. Qd2 $2 (30. Ng4 $18) 30... f6 $2 (30... gxf5 $16 31. d6 Qd8) 31. d6 Qd8 {[#]} 32. Rd1 ({Better is} 32. fxg6 $1 $18 {And now Ng4 would win.} hxg6 33. Re3) 32... Rg7 33. fxg6 Rxg6 34. Qc3 Rf7 35. Qc4 f5 36. d7 Kf8 (36... Kg7 {is a better defense.} 37. Qc3 Re7) 37. Qb5 (37. Nd3 $142 Bxe4 38. g3 Bxd3 39. Rxd3) 37... Rfg7 $2 (37... Re7 38. Qd3 f4) 38. Qxe5 {[#] aiming for Ng4!} Rxg2+ 39. Kh1 R2g5 40. Nh3 Rh5 41. Rxf5+ Rxf5 42. Qxf5+ Rf7 43. Qe5 (43. Qe6 $142 Bxe4+ 44. Qxe4 Rxd7 45. Qf5+ Ke8 46. Qe6+ Qe7 47. Qg8+ Qf8 48. Qxf8+ {[%mdl 64] Overworked Piece} Kxf8 49. Rxd7) 43... Rxd7 44. Qh8+ Ke7 45. Qxh7+ Ke8 46. Qh8+ Ke7 47. Qe5+ Kf8 48. Rf1+ {Accuracy: White = 58%, Black = 31%.} 1-0

[Event "18th Prague Open-A 2019"]
[Site "Prague"]
[Date "2019.01.12"]
[Round "3"]
[White "Kacharava, Nikolozi"]
[Black "Olsarova, Karolina"]
[Result "1-0"]
[WhiteElo "2397"]
[BlackElo "2263"]
[Annotator "TA"]
[PlyCount "135"]
[EventDate "2019.01.11"]
[EventType "swiss"]
[EventCountry "CZE"]
[SourceTitle "playchess.com"]
[Source "ChessBase"]
[SourceQuality "1"]

{[%evp 21,135,6,23,0,6,0,0,0,0,0,0,0,0,0,0,0,0,0,0,0,0,-2,18,15,12,21,91,88,58,39,50,36,44,60,80,24,73,24,24,24,33,24,24,24,25,25,34,34,41,26,105,99,121,117,142,154,147,152,204,202,161,58,66,73,73,73,203,176,302,302,302,302,285,289,289,292,295,284,284,282,277,256,277,272,263,262,267,222,219,131,222,243,227,186,186,186,544,533,527,513,479,490,1555,1462,2764,2538,5820,4555,6075,5715,29980,29980,29981,29982,29979,29980]} 1. e4 e5 2. Nf3 Nc6 3. Bc4 Bc5 4. c3 Nf6 5. d3 O-O 6. O-O d5 7. exd5 Nxd5 8. Re1 Bg4 9. Nbd2 {C54: Giuoco Piano: 4 c3 Nf6, main lines with 5 d4 and 5 d3} Nb6 10. h3 (10. Bb5 Bd6 11. h3 Bh5 12. Ne4 Re8 13. Bg5 f6 14. Be3 a6 15. Bxc6 bxc6 16. Ng3 Bf7 17. c4 Bb4 18. Re2 Bf8 19. b3 c5 {0-1 (89) Nakamura,H (2777)-Grischuk,A (2766) Saint Louis 2018}) 10... Bh5 11. b4 Be7 {LiveBook: 16 Games} 12. Bb3 (12. g4 {looks sharper.} Bg6 13. b5 Na5 14. Nxe5 Bf6 15. Nxg6 hxg6 16. Bb2) 12... Qxd3 13. Nxe5 {[%mdl 64] Discovered Attack} Bxd1 14. Nxd3 Bxb3 15. axb3 {Threatens to win with b5.} a6 16. Ne4 Nd5 17. Nf4 $146 Rad8 18. Rd1 Nf6 19. Nxf6+ $1 Bxf6 20. Nd5 $1 Be5 21. Be3 Bd6 22. Bc5 $36 {[%mdl 2048] White fights for an advantage.} Bxc5 23. bxc5 Ne5 (23... Rc8 $11) 24. f4 $16 Ng6 25. g3 c6 26. Nb6 Ne7 27. Kf2 f5 28. Rd6 (28. Rac1 $16) 28... Nc8 29. Nxc8 Rxc8 {[%mdl 4096] Endgame KRR-KRR} 30. Re1 {With the idea Re7.} Rf7 31. Re5 g6 32. Ke3 Kg7 33. Kd4 Ra8 34. Kd3 a5 35. Kc2 Rc7 (35... Kf8 $1 $11 {keeps the balance.}) 36. Kb2 Kf7 37. Ka3 Re7 38. Rxe7+ Kxe7 {KR-KR} 39. c4 Ra7 (39... Rc8 $16 40. Ka4 Ra8) 40. h4 $18 Ra8 {[#]} 41. Ka4 (41. h5 $1 $18 {[%mdl 512]}) 41... Ra7 $1 $14 42. Rd1 Kf6 43. Rd8 Ke6 (43... Kg7 $16) 44. Ka3 $18 Ke7 (44... h6 {keeps fighting.} 45. Rd6+ Kf7) 45. Rh8 h5 46. Rh7+ Kf6 {Now ...Ke6 and Black clings on.} 47. Rd7 Ke6 48. Rd1 Kf6 49. Kb2 Ke7 50. Rd6 Kf7 51. Ka3 Kg7 52. Ka2 Kf7 53. Kb2 Kg7 54. Rd1 Kf6 55. Kc3 ({Better is} 55. Rd7 $18) 55... Kf7 (55... a4 $16) 56. Rd7+ Ke6 57. Rd6+ Kf7 {[#]} 58. Kd4 $1 Kg7 $2 (58... a4 59. bxa4 Rxa4) 59. Ke5 a4 60. bxa4 Rxa4 61. Rd7+ {[%mdl 64] Double Attack} Kh6 (61... Kf8 $142 62. Rxb7 Rxc4) 62. Rxb7 Rxc4 63. Kd6 Rc3 64. Kxc6 Rxg3 65. Rb4 Rh3 66. Kd5 {White mates.} Rd3+ 67. Rd4 Ra3 68. c6 {Accuracy: White = 72%, Black = 40%.} 1-0

[Event "18th Prague Open-A 2019"]
[Site "Prague"]
[Date "2019.01.12"]
[Round "3"]
[White "Krivonosov, Oleg"]
[Black "Jaroch, Karol"]
[Result "1-0"]
[WhiteElo "2390"]
[BlackElo "2259"]
[Annotator "TA"]
[PlyCount "47"]
[EventDate "2019.01.11"]
[EventType "swiss"]
[EventCountry "CZE"]
[SourceTitle "playchess.com"]
[Source "ChessBase"]
[SourceQuality "1"]

{[%evp 22,47,70,66,117,117,113,118,154,133,160,117,280,270,709,710,2169,5086,2377,2338,2062,2085,29982,29983,29983,29984,29981,29982]} 1. Nf3 e6 2. c4 Nf6 3. g3 Be7 4. Bg2 O-O 5. O-O d5 6. d4 Nbd7 7. Qc2 c5 8. Rd1 {E08: Closed Catalan: Main Line: 7 Qc2} (8. cxd5 exd5 9. Nc3 cxd4 10. Nxd4 Nc5 11. Bf4 Ne6 12. Rad1 Nxf4 13. gxf4 Bb4 14. Ndb5 Qb6 15. Qb3 Bxc3 16. Nxc3 Qa6 {½-½ (53) Li,C (2745)-Markov,M (2390) Ashkhabad 2017}) 8... b6 9. cxd5 exd5 10. Nc3 Bb7 11. dxc5 bxc5 12. Nh4 $1 {[%cal Rc3d5] LiveBook: 3 Games} Nb6 (12... Re8 $14) 13. Nf5 $16 Qd7 14. Bg5 Bd8 $146 {[#]} ({Predecessor:} 14... Rfd8 15. Ne4 Qe6 16. Nxe7+ Qxe7 17. Qxc5 Qxc5 18. Nxc5 {1-0 (47) Sundararajan,K (2447)-Gonzalez Regueiro,R (1836) Sanxenxo 2017}) 15. a4 $1 a5 16. Nb5 Nxa4 $2 (16... Qe6 $16) 17. Rxa4 $18 Bc6 $2 (17... Qxb5 18. Nd6 Qc6) 18. Rh4 {[%cal Ba4h4,Bh4h6,Bh6f6][%mdl 32]} h6 {[#]} 19. Nxh6+ $1 {[%mdl 64] Deflection} gxh6 20. Bxf6 Bxf6 21. Rxh6 {[%csl Gh6][%cal Rc2h7]} Rfb8 22. Qh7+ {White mates.} Kf8 23. Rxf6 Rxb5 24. Qh6+ {Accuracy: White = 97%, Black = 10%.} 1-0